000 01028njm a2200265Ia 4500
001 24187
003 IT-RoPAU
005 20220918181132.0
008 131025s9999 xx 000 0 und d
040 _aIT-RoPAU
040 _cIT-RoPAU
999 _c100690
_d100690
999 _bn.d.
100 _aLiszt Franz
_99436
100 _eAutore musica
_99437
100 _gCodice autore musica SPICS: 10789
_99438
245 _aDue concerti per pianoforte (I)-Byron Janis
250 _a1a ed.
260 _aITALIA
260 _bPHILIPS
_c1963 [1a Ed.:1963 - Ed. Lingua Orig.: 1857]
300 _aDISCO
500 _aMusica classica.
505 _aConcerto per pianoforte n. 1 in mi bem magg - Concerto per pianoforte n. 2 in la magg - Concerto n. 1: Byron Janis al pianoforte con l'Orchestra Philharmonica di Mosca diretta da Kyril Kondrachine - Concerto n. 2: Byorn Janis al pianoforte con l'Orchestra Radio-Sinfonica di Mosca diretta da Guennadi Rojdestvenski
650 _aCLASSICA [DISCHI]
_eCodice MATERIA SPICS: 9950
_91157
942 _cMD
_2ddc